Hearing before the subcommittee on international finance of the committee on banking, housing, and urban affairs United States Senate

Bewaard in:
Bibliografische gegevens
Coauteur: U.S. Goverment Printing Office
Formaat: Boek
Taal:Undetermined
Gepubliceerd in: Washington U.S. Goverment Printing Office 1980
Onderwerpen:
Tags: Voeg label toe
Geen labels, Wees de eerste die dit record labelt!
Thư viện lưu trữ: Trung tâm Học liệu Trường Đại học Cần Thơ
LEADER 00599nam a2200169Ia 4500
001 CTU_78348
008 210402s9999 xx 000 0 und d
082 |a 382 
082 |b U58 
110 |a U.S. Goverment Printing Office 
245 0 |a Hearing before the subcommittee on international finance of the committee on banking, housing, and urban affairs United States Senate 
245 0 |c U.S. Goverment Printing Office 
260 |a Washington 
260 |b U.S. Goverment Printing Office 
260 |c 1980 
650 |a Technology transfer 
980 |a Trung tâm Học liệu Trường Đại học Cần Thơ